000 00834cam a22002294a 4500
001 14235109
005 20250122134055.0
008 060117s2007 njua 001 0 eng
020 _a9780131960794
050 0 0 _aR864
_b.G37 2007
082 0 0 _a610.285
_222
100 1 _aGartee, Richard.
245 1 0 _aElectronic health records :
_bunderstanding and using computerized medical records /
_cRichard Gartee.
260 _aUpper Saddle River, N.J. :
_bPearson Prentice Hall,
_cc2007.
300 _axxxii, 506 p. :
_bcol. ill. ;
_c28 cm.
500 _aIncludes index.
650 0 _aMedical records
_xData processing.
650 1 2 _aMedical Records Systems, Computerized.
650 2 2 _aForms and Records Control
_xmethods.
856 4 1 _3Table of contents only
_uhttp://www.loc.gov/catdir/toc/ecip066/2006001606.html
942 _2lcc
_cBK
_n0
999 _c2799
_d2799